Histoire et royauté commençant par la lettre O - Statistiques

Statistiques générales
  • Ce quiz a été pris 76 fois
  • Le résultat moyen est 9 sur 20
Statistiques - réponses
Indice Réponse % Correct
Capitale de la Norvège, où réside la famille royale. Oslo
96%
Ville française liée à des ducs, branche influente des Capétiens. Orléans
91%
Dernier roi de Prusse, après la chute de l'Empire allemand en 1918. Otto
88%
Empire qui mit fin à l'Empire byzantin en 1453 par la conquête de Constantinople qui deviendra sa capitale. Ottoman
87%
Religion dominante en Europe de l'Est, notamment dans l'Empire russe, où les tsars légitimaient leur pouvoir absolu en tant que "protecteurs de la foi". Orthodoxe
76%
Monarchie absolue, située dans la péninsule arabique, gouverné par le sultan Haïtham ben Tariq depuis 2020. Oman
72%
Capitale de la Mongolie, où régnèrent les descendants de Gengis Khan. Oulan-Bator
72%
Tire son nom du royaume proéminent de Buganda, dont la capitale, Kampala, est aujourd’hui celle du pays. Ouganda
60%
Peuple germanique ayant fondé un royaume en Italie sous Théodoric le Grand, se distinguant des Wisigoths. Ostrogoths
59%
Ville française ayant donné son nom à la dynastie régnant sur les Pays-Bas. Orange (nassau)
50%
Capitale du Burkina Faso, où régnèrent des rois mossis. Ouagadougou
47%
Également appelée Globe crucifère, Sphère surmontée d'une croix symbolisant le pouvoir divin du monarque. Orbe crucigère
29%
Dernier roi de Norvège et de Suède avant leur séparation en 1905. Oscar II de Suède
22%
Premier empereur du Saint-Empire romain germanique. Othon I
21%
Fondateur de cet Empire. Osman I
16%
Roi populaire de Norvège surnommé "le roi du peuple". Olav V de Norvège
10%
Résidence royale sur l'île de Wight, fut le lieu de la mort de la reine Victoria. Osborne
7%
Roi de Bohême qui tenta en vain de conquérir le trône du Saint Empire Romain Germanique durant le “Grand Interrègne”, défiant les Habsbourgs. Ottokar II
4%
Titre porté par le roi du royaume du Bénin. Oba
3%
Château espagnol, siège des rois de Navarre. Olite
3%
Aucun quiz correspondant
Distribution des résultats
% des personnes avec chaque résultat
Percentile par nombre de réponses
Votre historique - résultats
Vous n’avez pas pris ce quiz